Dragon Ball Z Abridged Charachter lines Quiz Stats

Quiz not verified by Sporcle

Challenge
Share
Tweet
Embed
Score 0/10 Timer 10:00
0 Plays Today
Line Character % Correct
I thought you said you were surrounded by gumdrops and Ice creamGoku
96.7%
See I just read my official saiyan handbook hereVegeta
94.9%
why didn't you dodge!Piccolo
91.8%
Wow He Blew Into More Pieces then YamchaKrillin
91.5%
Im gonna invicerate you and then I'm gonna use your gastrointestional tract as a condom when I fornincate with your skullGohan
89.1%
He's Like the Raditz of Their CrewNappa
87.7%
So Nudity Makes You Stronger on This PlanetRaditz
77.5%
Well at least I get some....oh wow Yamcha
74.3%
byepopo
51.6%
I can only swallow so muchZarbon
51.1%

You're not logged in!

Compare scores with friends on all Sporcle quizzes.
Sign Up with Email
OR
Log In

You Might Also Like...

Show Comments

Extras

Top Quizzes Today


Score Distribution

Your Account Isn't Verified!

In order to create a playlist on Sporcle, you need to verify the email address you used during registration. Go to your Sporcle Settings to finish the process.